Intervención psicoeducativa : estrategias para elaborar adaptaciones de acceso /

Furkejuvvon:
Bibliográfalaš dieđut
Eará dahkkit: Alvarez Pérez, Luis (autor) (autor)
Materiálatiipa: Girji
Giella:espánnjágiella
Almmustuhtton: Madrid, España : Pirámide, 1999, c1999
Ráidu:(Psicología Pirámide. Pedagogía)
Fáttát:
Fáddágilkorat: Lasit fáddágilkoriid
Eai fáddágilkorat, Lasit vuosttaš fáddágilkora!

MARC

LEADER 00000nam^a2200000^a^4500
001 000166789
005 20250521000000.0
009 20260310101103.398
020 |a 84-368-1338-3 
037 |a Acervo ITESO - Biblioteca 
041 |a ESP 
082 |a 153. 4  |b INT 
245 0 0 |a Intervención psicoeducativa :  |b estrategias para elaborar adaptaciones de acceso /  |c L. Alvarez Pérez... [et al.]. 
264 4 |a Madrid, España :  |b Pirámide,  |c 1999, c1999 
300 |a 228 p. 
336 |a texto  |b txt  |2 rdacontenido 
337 |a sin mediación  |b n  |2 rdamedio 
338 |a volumen  |b nc  |2 rdasoporte 
440 1 |a (Psicología Pirámide.  |p Pedagogía) 
649 |a XX 
650 |a Autocontrol 
650 |a Déficit de Atención 
650 |a Problemas de Aprendizaje 
650 |a Aprendizaje 
650 |a Motivación 
650 |a Atención 
650 |a Habilidades de Pensamiento 
650 |a Desarrollo Cognoscitivo 
650 |a Psicología Cognitiva 
650 |a Psicopatología 
650 |a Psicología Clínica 
650 |a Psicología Educativa 
650 |a Educación 
700 |a Alvarez Pérez, Luis  |e (autor) 
910 |a Fondo General 
920 |a Impresos - Libros 
930 |a Colección General 
905 |a 101 
901 |a 0500102450  |b IT1  |c ACC  |u 20250521 
901 |a 0500102458  |b IT1  |c ACC  |u 20250521 
902 |a https://opac.biblio.iteso.mx/vufind/Record/000166789